01211cam a2200301 a 450000100100000000500170001000800410002704000290006808200240009710000350012124500600015625000110021626000350022730000270026249000450028950000320033465000300036665000420039665100460043865100440048483000540052891000330058291000070061504900090062295201280063195201330075999900170089200001955320240226143822.0810114s1968 sp 001 e spa d aDO-SdBNPbspacLCdBNPHU a864.64bC174a, 19681 aCamba, Julio,d1882-19629309410aAlemania :bimpresiones de un español /cJulio Camba. a4a ed. aMadrid :bEspasa-Calpe,c1968. a219, [16] p. ;c18 cm.1 aAustral. Negra: viajes y reportajesv791 aIncluye índice de autores 4aEnsayos españoles93095 4aLiteratura españolaySIGLO XX93326 4aAlemaniaxVida Social Y Costumbres941964 4aAlemaniaxDescripciones Y Viajes941965 0aAustral.pNegra: viajes y reportajes;v791941665 aCatalogación derivada / LC aWM aBNGR 001054708MOaGRbGRcHDd2010-06-30iLF1l0o864.64 C174a, 1968p19553-10r2020-06-25w2020-06-25y4ZPréstamo en sala 001054728MOaGRbGRcHDd2010-12-06iLF1l0o864.64 C174a, 1968p19553-20r2020-06-25te.2w2020-06-25y4ZPréstamo en sala c19069d19069